Atlético de Madrid Squad 2018-2019 - Statistics

General Stats
  • This quiz has been taken 48 times
  • The average score is 19 of 23
Answer Stats
# Position Nation Player % Correct
13 GK Slovenia Jan Oblak
100%
2 DF Uruguay Diego Godín
97%
- Coach Argentina Diego Simeone
97%
3 DF Brazil Filipe Luís
97%
6 MF Spain Koke
97%
8 MF Spain Saúl Ñíguez
97%
10 FW Argentina Ángel Correa
94%
7 FW France Antoine Griezmann
94%
15 DF Montenegro Stefan Savić
94%
24 DF Uruguay José María Giménez
91%
5 MF Ghana Thomas Partey
91%
11 FW France Thomas Lemar
89%
14 MF Spain Rodrigo Hernández
83%
19 FW Spain Diego Costa
80%
21 DF France Lucas Hernández
80%
1 GK Spain Antonio Adán
77%
4 DF Colombia Santiago Arias
77%
20 DF Spain Juanfran Torres
74%
9 FW Croatia Nikola Kalinić
66%
22 FW Spain Álvaro Morata
60%
23 FW Spain Vitolo
54%
18 FW Portugal Gelson Martins
43%
18 DF Argentina Nehuén Pérez
17%
No matching quizzes found
Score Distribution
Percent of People with Each Score
Percentile by Number Answered
Your Score History
You have not taken this quiz